| 000 | 00883nas a2200301 4500 | ||
|---|---|---|---|
| 001 | BR0003407 | ||
| 003 | BR-BrBNA | ||
| 005 | 20231205101938.0 | ||
| 007 | ta | ||
| 008 | 230509b bl.|||p| |||| 00| 00por d | ||
| 040 |
_aBR-BrBNA _bpor _cBiblioteca Nacional de Agricultura |
||
| 041 | _a(Pt) | ||
| 072 | _aL40 | ||
| 100 | 1 | _aMachado, G.V. | |
| 100 | 1 | _aCavalcante Filho, M.F. | |
| 100 | 1 | _aMiglino, M.A. | |
| 100 | 1 | _aCarvalho, N.A.M. de | |
| 100 | 1 | _aSantos, T.C. dos | |
| 100 | 1 | _aLesnau, G.G. | |
| 245 | 1 | _aComportamento anatomico das arterias renais em catetos (Tayassu tajacu Linnaeus, 1758) | |
| 650 | _aPorco Selvagem | ||
| 650 | _aAnatomia Animal | ||
| 650 | _aArteria | ||
| 650 | _aRim | ||
| 773 | 0 |
_tVeterinaria Noticias (Brazil) _xISSN 0104-3463 _g(2000), v. 6(1) p. 17-25 _wBR0003407 |
|
| 909 |
_a202311 _bLúcia _c55 _dLúcia Elande |
||
| 942 |
_2AGRIS _n0 _cANA |
||
| 999 |
_c164862 _d164862 |
||